| 000 | 00421nam a22001577a 4500 | ||
|---|---|---|---|
| 020 | _a9781975105495 | ||
| 082 |
_a615.1076 _bLER |
||
| 100 |
_aLerchenfeldt, Sarah _9113631 |
||
| 245 |
_aBRS Pharmacology / _cSarah Lerchenfeldt |
||
| 250 | _a7th Edition. | ||
| 260 |
_aPhiladelphia : _bWolters Kluwer, _c2020. |
||
| 300 |
_a352 p. ; _bill, _c25 cm. |
||
| 563 | _aPBK. | ||
| 650 |
_aPharmacology _9113344 |
||
| 942 |
_2ddc _cBK |
||
| 999 |
_c595271 _d595271 |
||